Úplný soubor právních předpisů o ochraně životního prostředí /

Korporativní autor: Česko
Další autoři: Tichotová, Přibyslava
Jazyk: Čeština
Vydáno: Praha : ISV, 1995-^^^^^^
Edice: Právo (ISV)
Témata:
Fyzický popis: ^^^sv. (na volných listech) ; 21 cm + CD, licence
Odebírané svazky: základní dílo 1995 včetně aktual.1-25 (1.9.-31.12.2006)-
Zákony a jiné
Uloženo v:
LEADER 04418nai a2200553 a 4500
001 000234472
003 CZ BrMZK
005 20090401150444.0
007 td
008 010907c19959999xr qr l 0 b2cze d
020 |a 80-85866-09-9  |q (kroužkový blok) 
040 |a BOA001  |b cze 
080 |a 504.06(094)"1996/1997"  |2 MRF 
080 |a 349.6  |2 MRF 
110 1 |a Česko  |4 aut 
240 1 0 |a Zákon o životním prostředí (1991) 
245 0 0 |a Úplný soubor právních předpisů o ochraně životního prostředí /  |c Přibyslava Tichotová 
246 3 3 |a Úplný přehled právních předpisů o ochraně životního prostředí 
260 |a Praha :  |b ISV,  |c 1995-^^^^^^ 
300 |a ^^^sv. (na volných listech) ;  |c 21 cm +  |e CD, licence 
310 |a Aktualizováno čtvrtletně 
490 1 |a Právo 
500 |a Součástí některých aktualizací jsou CD a licence 
500 |a Popsáno podle: základní dílo (vyd. 1995) včetně 25. aktualizace za období 1.9.2006-31.12.2006 
500 |a Od 10. aktualizace vydavatel Tichotová Přibyslava - EKOTIP, Praha 
500 |a Název z obálky 
541 |c pv-a 
653 0 |a životní prostředí 
700 1 |a Tichotová, Přibyslava  |7 ola2003191799  |4 aut 
830 0 |a Právo (ISV) 
910 |a BOA001  |b 3-1033.737  |s základní dílo 1995 včetně aktual.1-25 (1.9.-31.12.2006)- 
964 |a Prostředí životní  |x ochrana  |x předpisy právní  |z r.1995-2001 
990 |a SE 
996 6 |b 2610053413  |c 3-1033.737  |d 1995+akt. 1-25, sv.1-2  |v 1995  |i 1-3  |y 1995  |l Stud. periodik/2.patro  |r Sklad / do 1 hodiny  |n 0  |p p.v. ; posl.akt25/07  |w 000234472  |u 000020  |a 1  |e BOA001  |j MZK50  |s P 
996 6 |b 2610059226  |c 3-1033.737  |d 1995+akt. 1-25, sv.1  |v 1995  |i 1  |y 1995  |l Stud. periodik/2.patro  |r Sklad / do 1 hodiny  |n 14  |p p.v. ; posl.akt25/07  |w 000234472  |u 000010  |a 1  |e BOA001  |j MZK50  |s P 
996 6 |b 2610149532  |c 3-1033.737  |d 1995+akt. 1-25, sv.3  |v 1995  |i 3  |y 1995  |l Stud. periodik/2.patro  |r Sklad / do 1 hodiny  |n 0  |p p.v. ; posl.akt25/07  |w 000234472  |u 000030  |a 1  |e BOA001  |j MZK50  |s P 
996 6 |b 2610149533  |c 3-1033.737  |d 1995+akt. 1-25, sv.6/1  |v 1995  |i 5  |y 1995  |l Stud. periodik/2.patro  |r Sklad / do 1 hodiny  |n 0  |p p.v. ; posl.akt25/07  |w 000234472  |u 000040  |a 1  |e BOA001  |j MZK50  |s P 
996 6 |b 2610149534  |c 3-1033.737  |d 1995+akt. 1-25, sv.6/3  |v 1995  |i 7  |y 1995  |l Stud. periodik/2.patro  |r Sklad / do 1 hodiny  |n 0  |p p.v. ; posl.akt25/07  |w 000234472  |u 000050  |a 1  |e BOA001  |j MZK50  |s P 
996 6 |b 2610149535  |c 3-1033.737  |d 1995+akt. 1-25, sv.7/1  |v 1995  |i 8  |y 1995  |l Stud. periodik/2.patro  |r Sklad / do 1 hodiny  |n 0  |p p.v. ; posl.akt25/07  |w 000234472  |u 000060  |a 1  |e BOA001  |j MZK50  |s P 
996 6 |b 2610149536  |c 3-1033.737  |d 1995+akt. 1-25, sv.7/2  |v 1995  |i 9  |y 1995  |l Stud. periodik/2.patro  |r Sklad / do 1 hodiny  |n 0  |p p.v. ; posl.akt25/07  |w 000234472  |u 000070  |a 1  |e BOA001  |j MZK50  |s P 
996 6 |b 2610191815  |c 3-1033.737  |d 1995+akt. 1-25, sv. 8-9  |v 1995  |i 10  |y 1995  |l Stud. periodik/2.patro  |r Sklad / do 1 hodiny  |n 0  |p p.v. ; posl.akt25/07  |w 000234472  |u 000080  |a 1  |e BOA001  |j MZK50  |s P 
996 6 |b 2610191816  |c 3-1033.737  |d 1995+akt. 1-25, sv.10  |v 1995  |i 11  |y 1995  |l Stud. periodik/2.patro  |r Sklad / do 1 hodiny  |n 0  |p p.v. ; posl.akt25/07  |w 000234472  |u 000090  |a 1  |e BOA001  |j MZK50  |s P 
996 6 |b 2610224702  |c 3-1033.737  |d 1995+akt. 1-25, sv.11-12/1  |v 1995  |i 12  |y 1995  |l Stud. periodik/2.patro  |r Sklad / do 1 hodiny  |n 0  |p p.v. ; posl.akt25/07  |w 000234472  |u 000100  |a 1  |e BOA001  |j MZK50  |s P 
996 6 |b 2610257127  |c 3-1033.737  |d 1995+akt. 1-25, sv. 4-5  |v 1995  |i 4  |y 1995  |l Stud. periodik/2.patro  |r Sklad / do 1 hodiny  |n 0  |p p.v. ; posl.akt25/07  |w 000234472  |u 000110  |a 1  |e BOA001  |j MZK50  |s P 
996 6 |b 2610265291  |c 3-1033.737  |d 1995+akt. 1-25, sv.6/2  |v 1995  |i 6  |y 1995  |l Stud. periodik/2.patro  |r Sklad / do 1 hodiny  |n 0  |p p.v. ; posl.akt25/07  |w 000234472  |u 000120  |a 1  |e BOA001  |j MZK50  |s P 
996 6 |b 2610272833  |c 3-1033.737  |d 1995+akt. 1-25, sv.12/2  |v 1995  |i 13  |y 1995  |l Stud. periodik/2.patro  |r Sklad / do 1 hodiny  |n 0  |p p.v. ; posl.akt25/07  |w 000234472  |u 000130  |a 1  |e BOA001  |j MZK50  |s P 
996 6 |b 2610305692  |c 3-1033.737  |d 1995+akt. 1-25, sv. 12/3-13  |v 1995  |i 14  |y 1995  |l Stud. periodik/2.patro  |r Sklad / do 1 hodiny  |n 0  |p p.v. ; akt.25/07  |w 000234472  |u 000140  |a 1  |e BOA001  |j MZK50  |s P 
996 6 |b 2610371590  |c 3-1033.737  |d 1995+akt. 1-25, sv. 14-15/1  |v 1995  |i 15  |y 1995  |l Stud. periodik/2.patro  |r Sklad / do 1 hodiny  |n 0  |w 000234472  |u 000150  |a 1  |e BOA001  |j MZK50  |s P 
996 6 |b 2610371591  |c 3-1033.737  |d 1995+akt. 1-25, sv. 15/2-16  |v 1995  |i 16  |y 1995  |l Stud. periodik/2.patro  |r Sklad / do 1 hodiny  |n 0  |w 000234472  |u 000160  |a 1  |e BOA001  |j MZK50  |s P